000 00679cab a2200217 4500
001 WB2908-42
008 090401t1993 xxu||||| |||| 00| 0 eng d
035 _a(Sirsi) u59287
041 _aeng
245 _aVision of single property profession
260 _c1993
350 _a0
490 _aRICS Press Release
_v(PR42/93) 22 February 1993 (3)
520 _aRICS President Christopher Jonas spoke of his vision of a single property profession in a speech at the RICS annual dinner.
650 _aANNUAL DINNER
650 _aCHRISTOPHER JONAS
650 _aRICS
690 _aMANAGEMENT-BUSINESS MANAGEMENT-PROFESSIONAL PRACTICE
942 _n0
948 _c04/03/1997
999 _c36364
_d36364